|
|
|
|
| LEADER |
00000cam a22000004a 4500 |
| 001 |
musev2_11073 |
| 003 |
MdBmJHUP |
| 005 |
20230905041241.0 |
| 006 |
m o d |
| 007 |
cr||||||||nn|n |
| 008 |
101213s2011 vau o 00 0 eng d |
| 010 |
|
|
|z 2010050531
|
| 020 |
|
|
|a 9780813931562
|
| 020 |
|
|
|z 9780813931333
|
| 035 |
|
|
|a (OCoLC)758391505
|
| 040 |
|
|
|a MdBmJHUP
|c MdBmJHUP
|
| 050 |
0 |
4 |
|a B805
|b .J38 2011
|
| 082 |
0 |
|
|a 081
|2 22
|
| 100 |
1 |
|
|a Jay, Martin,
|d 1944-
|
| 245 |
1 |
0 |
|a Essays from the Edge :
|b Parerga and Paralipomena /
|c Martin Jay.
|
| 264 |
|
1 |
|a Charlottesville :
|b University of Virginia Press,
|c 2011.
|
| 264 |
|
3 |
|a Baltimore, Md. :
|b Project MUSE,
|c 2012
|
| 264 |
|
4 |
|c ©2011.
|
| 300 |
|
|
|a 1 online resource (280 pages).
|
| 336 |
|
|
|a text
|b txt
|2 rdacontent
|
| 337 |
|
|
|a computer
|b c
|2 rdamedia
|
| 338 |
|
|
|a online resource
|b cr
|2 rdacarrier
|
| 504 |
|
|
|a Includes bibliographical references (p. [215]-251) and index.
|
| 505 |
0 |
|
|a Taking on the stigma of inauthenticity : Adorno's critique of genuineness -- Is experience still in crisis? : reflections on a Frankfurt school lament -- Mourning a metaphor: the revolution is over -- Cultural relativism and the visual turn -- Scopic regimes of modernity revisited -- No state of grace : violence in the garden -- Visual parrhesia? : Foucault and the truth of the gaze -- The Kremlin of modernism -- Phenomenology and lived experience -- Aesthetic experience and historical experience : a twenty-first-century constellation -- Still waiting to hear from derrida -- Pseudology : Derrida on Arendt and lying in politics -- The menace of consilience : keeping the disciplines unreconciled -- Can there be national philosophies in a transnational world? -- Straddling a watershed? -- Allons enfants de l'humanite : the French and human rights -- Intellectual family values : William Phillips, Hannah Arendt, and the Partisan review -- Still sleeping rough : Colin Wilson's the outsider at fifty.
|
| 588 |
|
|
|a Description based on print version record.
|
| 650 |
|
0 |
|a Civilization, Modern
|y 21st century.
|
| 650 |
|
0 |
|a Intellectual life
|y 21st century.
|
| 650 |
|
0 |
|a Humanities
|x Philosophy.
|
| 650 |
|
0 |
|a History
|x Philosophy.
|
| 650 |
|
0 |
|a Philosophy, Modern
|y 21st century.
|
| 655 |
|
7 |
|a Electronic books.
|2 local
|
| 710 |
2 |
|
|a Project Muse.
|e distributor
|
| 830 |
|
0 |
|a Book collections on Project MUSE.
|
| 856 |
4 |
0 |
|z Texto completo
|u https://projectmuse.uam.elogim.com/book/11073/
|
| 945 |
|
|
|a Project MUSE - Custom Collection
|
| 945 |
|
|
|a Project MUSE - 2011 Complete
|
| 945 |
|
|
|a Project MUSE - 2011 Literature
|